No hay silencio que no termine / (Registro nro. 2717)

000 -CABECERA
campo de control de longitud fija 01688nam a2200337 u 4500
001 - NÚMERO DE CONTROL
campo de control 000044102
005 - FECHA Y HORA DE LA ÚLTIMA TRANSACCIÓN
campo de control 20200120222426.0
008 - DATOS DE LONGITUD FIJA--INFORMACIÓN GENERAL
campo de control de longitud fija 110215s2010 ck gr 000 0 spa d
020 ## - NÚMERO INTERNACIONAL ESTÁNDAR DEL LIBRO
Número Internacional Estándar del Libro 9789587580037.
043 ## - CÓDIGO DE ÁREA GEOGRÁFICA
Código de área geográfica s-ck---
082 04 - NÚMERO DE LA CLASIFICACIÓN DECIMAL DEWEY
Número de clasificación 364.154
Número de documento/Ítem B27
Número de edición 21
100 1# - ENTRADA PRINCIPAL--NOMBRE DE PERSONA
Nombre de persona Betancourt, Ingrid,
Fechas asociadas al nombre 1961-.
245 13 - MENCIÓN DE TÍTULO
Título No hay silencio que no termine /
Mención de responsabilidad, etc. Ingrid Betancourt ; traducción : María Mercedes Correa, Mateo Cardona ; diseño de la cubierta : Carol Devine Carson ; fotografías : Christine Rodin, Melanie Delloye.
250 ## - MENCIÓN DE EDICIÓN
Mención de edición 1a. ed.
260 ## - PUBLICACIÓN, DISTRIBUCIÓN, ETC.
Lugar de publicación, distribución, etc. Bogotá :
Nombre del editor, distribuidor, etc. Aguilar :
-- Santillana Ediciones,
Fecha de publicación, distribución, etc. 2010.
300 ## - DESCRIPCIÓN FÍSICA
Extensión 708 p.
500 ## - NOTA GENERAL
Nota general Título original : Mème le silencwe a une fin.
500 ## - NOTA GENERAL
Nota general Incluye información biográfica del autor en las solapas.
520 3# - SUMARIO, ETC.
Sumario, etc. "Es el relato de sus seis años y medio de cautiverio a manos de las Farc. Íntimo, terrible, intensamente personal, este testimonio de su propia aventura, no se parece a ningún otro. He aquí un viaje al corazón de las emociones extremas, una meditación sobre la vida, sobre la condición del réprobo y sobre lo que significa ser humano."
600 14 - PUNTO DE ACCESO ADICIONAL DE MATERIA--NOMBRE DE PERSONA
Nombre de persona Betancourt Pulecio, Ingrid,
Fechas asociadas al nombre 1961-
Subdivisión general Fuga.
600 24 - PUNTO DE ACCESO ADICIONAL DE MATERIA--NOMBRE DE PERSONA
Nombre de persona Betancourt Pulecio, Ingrid,
Fechas asociadas al nombre 1961-
Subdivisión general Relatos personales.
610 24 - PUNTO DE ACCESO ADICIONAL DE MATERIA--NOMBRE DE ENTIDAD CORPORATIVA
Nombre de entidad corporativa o nombre de jurisdicción como elemento de entrada Fuerzas Armadas Revolucionarias de Colombia.
650 24 - PUNTO DE ACCESO ADICIONAL DE MATERIA--TÉRMINO DE MATERIA
Término de materia o nombre geográfico como elemento de entrada Secuestro
Subdivisión geográfica Colombia
Subdivisión general Relatos personales.
650 24 - PUNTO DE ACCESO ADICIONAL DE MATERIA--TÉRMINO DE MATERIA
Término de materia o nombre geográfico como elemento de entrada Violencia
Subdivisión geográfica Colombia
Subdivisión general Relatos personales.
650 24 - PUNTO DE ACCESO ADICIONAL DE MATERIA--TÉRMINO DE MATERIA
Término de materia o nombre geográfico como elemento de entrada Rapto
Subdivisión geográfica Colombia
Subdivisión general Relatos personales.
700 1# - PUNTO DE ACCESO ADICIONAL--NOMBRE DE PERSONA
Nombre de persona Correa, María Mercedes,
Término indicativo de función/relación tr.
700 1# - PUNTO DE ACCESO ADICIONAL--NOMBRE DE PERSONA
Nombre de persona Cardona, Mateo,
Término indicativo de función/relación tr.
700 1# - PUNTO DE ACCESO ADICIONAL--NOMBRE DE PERSONA
Nombre de persona Devine Carson, Carol,
Término indicativo de función/relación dise.
700 1# - PUNTO DE ACCESO ADICIONAL--NOMBRE DE PERSONA
Nombre de persona Rodin, Christine,
Término indicativo de función/relación fot.
700 1# - PUNTO DE ACCESO ADICIONAL--NOMBRE DE PERSONA
Nombre de persona Delloye, Melanie,
Término indicativo de función/relación fot.
Existencias
Estado de retiro Estado de pérdida Fuente del sistema de clasificación o colocación Estado dañado No para préstamo Código de colección Localización permanente Ubicación/localización actual Fecha de adquisición Número de inventario Total de préstamos Renovaciones totales Signatura topográfica completa Código de barras Fecha visto por última vez Fecha del último préstamo Número de copia Precio válido a partir de Tipo de ítem Koha Nota pública
          Colección General Biblioteca Pública San Juan Bosco Biblioteca Pública San Juan Bosco 20/01/2020 106384 2 1 364.154 B27 MOS000471 31/03/2026 17/03/2026 ej.1 20/01/2020 Libro Ocho días

© Todos los derechos reservados para la Biblioteca Pública Municipal San Juan Bosco, 2020
Secretaria de Cultura de Mosquera
Carrera 3 N° 10 Esquina Centro Cultural Barrio El Carmén Teléfono: 8270830 Ext: 34
Funcionando con KOHA
Contacto: Biblioteca Pública Municipal San Juan Bosco/ bibliotecasanjuanbosco@mosquera-cundinamarca.gov.co
Mosquera, Cundinamarca